Fast Typing 'C' Words - Statistics

General Stats
  • This quiz has been taken 2,012 times
  • The average score is 10 of 12
Answer Stats
Hint Answer % Correct
Crawfish Crawfish
99%
Colorless Colorless
98%
Capitalism Capitalism
94%
Coalition Coalition
89%
Cranberry Cranberry
88%
Chartreuse Chartreuse
86%
Crying Crying
85%
Canadian Canadian
84%
Corresponding Corresponding
84%
Carnival Carnival
67%
Claustrophobia Claustrophobia
60%
Carnivore Carnivore
58%
No matching quizzes found
Score Distribution
Percent of People with Each Score
Percentile by Number Answered
Your Score History
You have not taken this quiz